Thẩm mỹ nội khoa

Trình bày đại cương về sắc đẹp, cấu trúc da, định khu giải phẫu học phẫu thuật vùng mặt và cổ, sự lành vết thương, da khô, phân loại da, da nhờn, da nhạy cảm, dinh dưỡng và da. Giới thiệu các phương pháp chăm sóc da; một số tình trạng da...

Πλήρης περιγραφή

Αποθηκεύτηκε σε:
Λεπτομέρειες βιβλιογραφικής εγγραφής
Κύριος συγγραφέας: Nguyễn Trọng Hào (Chủ biên)
Άλλοι συγγραφείς: Văn Thế Trung (Biên soạn), Châu Văn Trở (Biên soạn)
Μορφή: Βιβλίο
Γλώσσα:Vietnamese
Έκδοση: Tp. Hồ Chí Minh Y học 2019
Θέματα:
Ετικέτες: Προσθήκη ετικέτας
Δεν υπάρχουν, Καταχωρήστε ετικέτα πρώτοι!
Thư viện lưu trữ: Thư viện Trường Đại học Nam Cần Thơ
LEADER 01612nam a22002297a 4500
001 NCT_111955
008 220416b xxu||||| |||| 00| 0 vie d
999 |c 5690  |d 5690 
020 |a 9786046635277  |c 1200000 
082 0 4 |2 23rd ed.  |a 616.5  |b H108 
100 1 |a Nguyễn Trọng Hào  |e Chủ biên 
245 |a Thẩm mỹ nội khoa  |c Nguyễn Trọng Hào (Chủ biên) ; Văn Thế Trung, Châu Văn Trở,...[et al.] (Biên soạn) 
260 |a Tp. Hồ Chí Minh  |b Y học  |c 2019 
300 |a x, 565 tr.  |b Minh họa  |c 27cm 
500 |a ĐTTS ghi: Bệnh viện da liễu thành phố Hồ Chí Minh 
520 3 |a Trình bày đại cương về sắc đẹp, cấu trúc da, định khu giải phẫu học phẫu thuật vùng mặt và cổ, sự lành vết thương, da khô, phân loại da, da nhờn, da nhạy cảm, dinh dưỡng và da. Giới thiệu các phương pháp chăm sóc da; một số tình trạng da liên quan đến thẩm mỹ; laser, ánh sáng và các thiết bị phát năng lượng sử dụng trong điều trị bệnh lý về da; một số thủ thuật thẩm mỹ và phẫu thuật da. 
653 |a Y đa khoa 
700 1 |a Văn Thế Trung  |e Biên soạn 
700 1 |a Châu Văn Trở  |e Biên soạn 
942 |2 ddc  |c BK 
952 |0 0  |1 0  |2 ddc  |4 0  |6 616_500000000000000_H108  |7 0  |9 23195  |a 000001  |b 000001  |d 2022-04-16  |o 616.5 H108  |p MD.19355  |r 2022-04-16  |v 999999.99  |w 2022-04-16  |y BK 
980 |a Thư viện Trường Đại học Nam Cần Thơ